UM Logo

Social Justice and human rights in the Philippines / (Record no. 20239)

MARC details
000 -LEADER
fixed length control field 00721nam a22001817a 4500
008 - FIXED-LENGTH DATA ELEMENTS--GENERAL INFORMATION
fixed length control field 240507b ||||| |||| 00| 0 eng d
020 ## - INTERNATIONAL STANDARD BOOK NUMBER
International Standard Book Number 9715423256
082 ## - DEWEY DECIMAL CLASSIFICATION NUMBER
Classification number DFil 323
Item number S1 2003
240 ## - UNIFORM TITLE
Uniform title Katarungang panlipunan at karapatang pantao sa Pilipinas /
245 ## - TITLE STATEMENT
Title Social Justice and human rights in the Philippines /
Statement of responsibility, etc. edited by Alberto T. Muyot.
260 ## - PUBLICATION, DISTRIBUTION, ETC. (IMPRINT)
Place of publication, distribution, etc. Quezon City :
Name of publisher, distributor, etc. University of the Philippines Press,
Date of publication, distribution, etc. ©2003.
300 ## - PHYSICAL DESCRIPTION
Extent xx, 920 pages :
Other physical details illustrations ;
Dimensions 26 cm.
500 ## - GENERAL NOTE
General note Includes appendices, bibliography, and index.
650 ## - SUBJECT ADDED ENTRY--TOPICAL TERM
Topical term or geographic name as entry element Social justice
Geographic subdivision Philippines.
9 (RLIN) 57233
650 ## - SUBJECT ADDED ENTRY--TOPICAL TERM
Topical term or geographic name as entry element Human rights
Geographic subdivision Philippines.
9 (RLIN) 1459
650 ## - SUBJECT ADDED ENTRY--TOPICAL TERM
Topical term or geographic name as entry element Civil rights
Geographic subdivision Philippines.
9 (RLIN) 57234
942 ## - ADDED ENTRY ELEMENTS (KOHA)
Source of classification or shelving scheme Dewey Decimal Classification
Koha item type Filipiniana
Holdings
Withdrawn status Lost status Source of classification or shelving scheme Damaged status Not for loan Collection code Home library Current library Date acquired Source of acquisition Cost, normal purchase price Total Checkouts Full call number Barcode Date last seen Price effective from Koha item type
    Dewey Decimal Classification     Filipiniana UM Digos College - LIC UM Digos College - LIC 08/26/2004 Purchased 1750.00   DFil 323 S1 2003 17533 05/15/2025 05/07/2024 Filipiniana